Abul ambia hazrat Ibrahim (Record no. 253699)

000 -LEADER
fixed length control field 00216 a2200097 4500
001 - CONTROL NUMBER
control field 18626
090 ## - LOCALLY ASSIGNED LC-TYPE CALL NUMBER (OCLC); LOCAL CALL NUMBER (RLIN)
-- 13853
-- 13853
100 ## - MAIN ENTRY--PERSONAL NAME
Personal name Alisry A.M
245 ## - TITLE STATEMENT
Title Abul ambia hazrat Ibrahim
260 ## - PUBLICATION, DISTRIBUTION, ETC.
Place of publication, distribution, etc.
Name of publisher, distributor, etc. Nafees academy
Date of publication, distribution, etc. 1971
942 ## - ADDED ENTRY ELEMENTS (KOHA)
Institution code [OBSOLETE] NUST-CAE
Koha item type
--
Holdings
Withdrawn status Lost status Damaged status Not for loan Collection code Permanent Location Current Location Date acquired Total Checkouts Barcode Date last seen Price effective from Koha item type
          College of Aeronautical Engineering (CAE) College of Aeronautical Engineering (CAE) 04/03/2017   CAE13907 04/05/2017 04/05/2017 Book
© 2023 Central Library, National University of Sciences and Technology. All Rights Reserved.